00380nam a22001457a 450000500170000000800410001702000180005804000130007608200150008910000240010424500500012825000120017826000330019030000110022320190227113110.0190227b ||||| |||| 00| 0 eng d a9781118318690 cPK-LaUMT a153bMAT-C aMatlin, Margaret W. aCognitive psychology /cby Margaret W. Matlin a8th ed. aHoboken :bJohn Wiley,c2014 a610 p.